Los judios bajo la inquisición en hispanoamérica / (Record no. 94134)

MARC details
000 -LEADER
campo de control de longitud fija 00711cam a22002531i 4500
001 - NÚMERO DE CONTROL
campo de control 29541
005 - FECHA Y HORA DE LA ÚLTIMA TRANSACCIÓN
campo de control 20230410142343.0
008 - DATOS DE LONGITUD FIJA--INFORMACIÓN GENERAL
campo de control de longitud fija 780719s1960 xx 000 0 spa
035 ## - NÚMERO DE CONTROL DEL SISTEMA
-- (DLC) 66056461
035 ## - NÚMERO DE CONTROL DEL SISTEMA
Número de control de sistema 8005233
010 ## - NÚMERO DE CONTROL DE LA BIBLIOTECA DEL CONGRESO
Número de control de LC 66056461
035 ## - NÚMERO DE CONTROL DEL SISTEMA
Número de control de sistema (OCoLC)4065079
040 ## - FUENTE DE CATALOGACIÓN
Centro catalogador/agencia de origen DLC
Centro/agencia transcriptor OCl
Centro/agencia modificador LNT
-- DLC
042 ## - CÓDIGO DE AUTENTICACIÓN
Código de autenticación premarc
050 14 - SIGNATURA TOPOGRÁFICA DE LA BIBLIOTECA DEL CONGRESO
Número de clasificación BX 1739
Número de ítem L672j 1960
100 1# - ENTRADA PRINCIPAL--NOMBRE DE PERSONA
Nombre de persona Lewin, Boleslao.
245 14 - MENCIÓN DEL TÍTULO
Título Los judios bajo la inquisición en hispanoamérica /
Mención de responsabilidad, etc. Boleslao Lewin.
260 ## - PUBLICACIÓN, DISTRIBUCIÓN, ETC.
Lugar de publicación, distribución, etc. Buenos Aires :
Nombre del editor, distribuidor, etc. Dedalo,
Fecha de publicación, distribución, etc. [1960].
300 ## - DESCRIPCIÓN FÍSICA
Extensión 143 p. ;
Dimensiones 21 cm.
650 #0 - PUNTO DE ACCESO ADICIONAL DE MATERIA--TÉRMINO DE MATERIA
Término de materia o nombre geográfico como elemento de entrada Inquisition
Subdivisión geográfica Latin America.
650 #0 - PUNTO DE ACCESO ADICIONAL DE MATERIA--TÉRMINO DE MATERIA
Término de materia o nombre geográfico como elemento de entrada Jews
Subdivisión general Persecutions.
942 ## - ELEMENTOS DE ENTRADA SECUNDARIOS (KOHA)
Fuente del sistema de clasificación o colocación Clasificación de Library of Congress
Tipo de ítem Koha
985 ## -
-- OCLC REPLACEMENT cdsdistr
Holdings
Estatus retirado Estado de pérdida Fuente del sistema de clasificación o colocación Estado de daño No para préstamo Colección Biblioteca de origen Biblioteca actual Ubicación en estantería Fecha de adquisición Serial enumeration / chronology Signatura topográfica completa Código de barras Visto por última vez Copia número Tipo de ítem Koha
    Clasificación de Library of Congress     Humanidades Biblioteca Juan Bosch Biblioteca Juan Bosch Humanidades (4to. Piso) 10/04/2023 1 BX 1739 L672j 1960 00000030658 17/11/2018 1